Footballeurs Français de A à Z - Statistiques

Statistiques générales
  • Ce quiz a été pris 2 371 fois
  • Le résultat moyen est 18 sur 26
Statistiques - réponses
Lettres Indices Joueurs % Correct
B Ballon d'Or 2022 Karim Benzema
98%
H Deux frères qui jouent actuellement en Équipe de France Théo et Lucas Hernandez
90%
G Meilleur buteur de la sélection Olivier Giroud
89%
U "Casser la démarche" Samuel Umtiti
87%
P "La Pioche" Paul Pogba
84%
V Défenseur qui réalise le doublé Coupe du Monde et Ligue des Champions en 2018 Raphaël Varane
82%
R Défenseur qui n'a disputé aucune minute de la Coupe du Monde 2018 Adil Rami
80%
L Attaquant lyonnais surnommé "Général" Alexandre Lacazette
79%
O Prénom d'un attaquant ambidextre du PSG Ousmane Dembélé
79%
C Attaquant auteur d'un "high kick" à un supporter Eric Cantona
73%
N Ancien joueur de Manchester City et de l'OM et actuel consultant sur Canal+ Samir Nasri
73%
E Latéral auteur d'un "high kick" à un supporter Patrice Evra
71%
F Joueur possédant le record de buts sur une seule édition de la Coupe du Monde Just Fontaine
70%
T Joueur ayant inscrit le but en or en finale de l'Euro 2000 David Trezeguet
69%
Z Joueur ayant frappé des chats en vidéo Kurt Zouma
68%
M Joueur repositionné sur l'aile gauche lors de la Coupe du Monde 2018 Blaise Matuidi
65%
D Défenseur sanctionné d'un carton rouge lors de la finale de 1998 Marcel Desailly
63%
Q Prénom d'un latéral gauche ayant signé à l'OM en janvier 2024 Quentin Merlin
60%
J Joueur qui a inscrit un but en centrant avec l'Équipe de France Christophe Jallet
59%
K Le seul défenseur ayant inscrit un triplé en Ligue des Champions Layvin Kurzawa
59%
Y Jeune défenseur Lillois découvert lors de la saison 2023/2024 Leny Yoro
57%
S Défenseur ayant inscrit un but décisif dans un barrage pour la Coupe du Monde 2014 contre l'Ukraine Mamadou Sakho
57%
W Attaquant qui égalise à la fin du match lors de la finale de l'Euro 2000 Sylvain Wiltord
54%
A Défenseur qui a principalement joué à l'OL et au FC Barcelone Eric Abidal
52%
I Attaquant formé au PSG jouant actuellement à la Fiorentina Jonathan Ikoné
50%
X Attaquant des années 1980-1990 qui a principalement joué au PSG et à Lens Daniel Xuereb
7%
Aucun quiz correspondant
Distribution des résultats
% des personnes avec chaque résultat
Percentile par nombre de réponses
Votre historique - résultats
Vous n’avez pas pris ce quiz